Psychosocial Issues in Palliative Care. (Record no. 5982)

MARC details
000 -LEADER
fixed length control field 00603nam a22002177a 4500
003 - CONTROL NUMBER IDENTIFIER
control field OSt
005 - DATE AND TIME OF LATEST TRANSACTION
control field 20180130192225.0
008 - FIXED-LENGTH DATA ELEMENTS--GENERAL INFORMATION
fixed length control field 180130b xxu||||| |||| 00| 0 eng d
020 ## - INTERNATIONAL STANDARD BOOK NUMBER
International Standard Book Number 9780199216420
040 ## - CATALOGING SOURCE
Transcribing agency DNLM
082 ## - DEWEY DECIMAL CLASSIFICATION NUMBER
Classification number WB310 P95l 2008
100 ## - MAIN ENTRY--PERSONAL NAME
Personal name Edited by Mari Lloyd-Williams
9 (RLIN) 12400
245 ## - TITLE STATEMENT
Title Psychosocial Issues in Palliative Care.
250 ## - EDITION STATEMENT
Edition statement 2nd ed.
260 ## - PUBLICATION, DISTRIBUTION, ETC. (IMPRINT)
Place of publication, distribution, etc. Oxford University Press, 2008
300 ## - PHYSICAL DESCRIPTION
Extent xiv,261p; ill: 24cm
504 ## - BIBLIOGRAPHY, ETC. NOTE
Bibliography, etc References, & index included
650 ## - SUBJECT ADDED ENTRY--TOPICAL TERM
Topical term or geographic name as entry element Palliative care
9 (RLIN) 1786
650 ## - SUBJECT ADDED ENTRY--TOPICAL TERM
Topical term or geographic name as entry element Psychosocial support
9 (RLIN) 12401
942 ## - ADDED ENTRY ELEMENTS (KOHA)
Source of classification or shelving scheme Other/Generic Classification Scheme
Koha item type Open Shelf
Holdings
Withdrawn status Lost status Source of classification or shelving scheme Damaged status Not for loan Home library Current library Date acquired Source of acquisition Inventory number Total Checkouts Full call number Barcode Date last seen Koha item type
    Other/Generic Classification Scheme     MUST Main Library MUST Main Library 30/01/2018   17/40518   WB310 P95l 2008 2018-0069 30/01/2018 Open Shelf
    Other/Generic Classification Scheme     MUST Main Library MUST Main Library 30/01/2018   17/40519   WB310 P95l 2008 2018-0070 30/01/2018 Open Shelf